|
|
|
|
| LEADER |
00000nam0a2200000 4500 |
| 001 |
57799 |
| 005 |
20231101211705.0 |
| 010 |
|
|
|a 5945990388
|
| 035 |
|
|
|a (RuTPU)RU\TPU\book\61022
|
| 090 |
|
|
|a 57799
|
| 100 |
|
|
|a 20031117d2002 m y0rusy50 ca
|
| 101 |
0 |
|
|a rus
|
| 102 |
|
|
|a RU
|
| 105 |
|
|
|a a j 001zy
|
| 200 |
1 |
|
|a Вероятностное моделирование в финансово-экономической области
|e учебное пособие
|f Л. Г. Лабскер
|
| 210 |
|
|
|a Москва
|c Альпина Паблишер
|d 2002
|
| 215 |
|
|
|a 224 с.
|c ил.
|
| 320 |
|
|
|a Библиогр.: с. 220-222.
|
| 606 |
1 |
|
|a Экономические системы
|x Моделирование
|2 stltpush
|3 (RuTPU)RU\TPU\subj\37432
|9 58418
|
| 610 |
1 |
|
|a экономика
|
| 610 |
1 |
|
|a экономические модели
|
| 610 |
1 |
|
|a вероятностные модели
|
| 610 |
1 |
|
|a дискретные марковские процессы
|
| 610 |
1 |
|
|a пуассоновские процессы
|
| 610 |
1 |
|
|a марковские цепи
|
| 610 |
1 |
|
|a цикличность
|
| 610 |
1 |
|
|a циклическое развитие
|
| 610 |
1 |
|
|a учебные пособия
|
| 686 |
|
|
|a Ув631.0я73
|v LBC/SL-A
|2 rubbk
|
| 700 |
|
1 |
|a Лабскер
|b Л. Г.
|g Лев Григорьевич
|
| 801 |
|
1 |
|a RU
|b 63413507
|c 20031117
|g PSBO
|
| 801 |
|
2 |
|a RU
|b 63413507
|c 20230220
|g PSBO
|
| 900 |
|
|
|a Финансы и кредиты
|
| 900 |
|
|
|a Бухгалтерский учет и аудит
|
| 900 |
|
|
|a Мировая экономика
|
| 942 |
|
|
|c BK
|
| 951 |
|
|
|a 521600
|b 060500
|b 060600
|b 060400
|